Entstehung, erkennung und beurteilung von rauchschäden, (Record no. 9570)

MARC details
000 -LEADER
fixed length control field 00832cam a22002411 4500
001 - CONTROL NUMBER
control field agr33000199
003 - CONTROL NUMBER IDENTIFIER
control field DLC
005 - DATE AND TIME OF LATEST TRANSACTION
control field 20260227110953.0
008 - FIXED-LENGTH DATA ELEMENTS--GENERAL INFORMATION
fixed length control field 800814s1932 gw a b 000 0 ger
010 ## - LIBRARY OF CONGRESS CONTROL NUMBER
LC control number agr33000199
035 ## - SYSTEM CONTROL NUMBER
System control number (OCoLC)6617136
040 ## - CATALOGING SOURCE
Original cataloging agency DLC
Transcribing agency NIC
Modifying agency DLC
042 ## - AUTHENTICATION CODE
Authentication code premarc
050 00 - LIBRARY OF CONGRESS CALL NUMBER
Classification number SB745
Item number .H33
100 1# - MAIN ENTRY--PERSONAL NAME
Personal name Haselhoff, Emil,
Dates associated with a name 1862-
245 10 - TITLE STATEMENT
Title Entstehung, erkennung und beurteilung von rauchschäden,
Statement of responsibility, etc. hrsg. von Prof. Dr. E. Haselhoff. Zusammen mit Prof. Dr. G. Bredemann und Dr. Jur. W. Haselhoff.
260 ## - PUBLICATION, DISTRIBUTION, ETC.
Place of publication, distribution, etc. Berlin,
Name of publisher, distributor, etc. Gebrüder Borntraeger,
Date of publication, distribution, etc. 1932.
300 ## - PHYSICAL DESCRIPTION
Extent xii, 472 p.
Other physical details illus.
Dimensions 23 cm.
504 ## - BIBLIOGRAPHY, ETC. NOTE
Bibliography, etc. note "Verzeichnis des schrifttums": p.[278]-284, [371]-392, [456]-460.
650 #0 - SUBJECT ADDED ENTRY--TOPICAL TERM
Topical term or geographic name entry element Plants
General subdivision Effect of smoke on.
700 1# - ADDED ENTRY--PERSONAL NAME
Personal name Bredemann, Gustav,
Dates associated with a name 1880-
700 1# - ADDED ENTRY--PERSONAL NAME
Personal name Haselhoff, Wilhelm.

No items available.

Powered by Koha